| 000 | 00807 a2200193 4500 | ||
|---|---|---|---|
| 003 | NUST | ||
| 005 | 20251121182954.0 | ||
| 040 | _cNust | ||
| 082 | _a621.382,KHA | ||
| 100 |
_aKhayam , NC Muhammad (TCC-17) _9131998 |
||
| 245 |
_aGeneration of multiclass optical orthogonal codes & simulation of optical CDMA system / _cNC Muhammad Khayam, NC Nasir Hakeem, Capt Umar Iftikhar and PC Zain Tahir. |
||
| 260 |
_aRawalpindi _bMCS (NUST) _cAugust 2009 |
||
| 300 | _a47 p.; | ||
| 505 | _aIntroduction to Optical CDMA (Page-1), Optical Orthogonal Codes (Page-11), Greedy Algorithm (Page-21), Simulation of Optical CDMA System (Page-35), Future Work Areas (Page-43). | ||
| 650 |
_aUG Projects _998716 |
||
| 651 |
_aTCC-17B _9131348 |
||
| 700 |
_aSupervised by Maj Dr. Adnan Rashdi _9131999 |
||
| 942 |
_cPR _2ddc |
||
| 999 |
_c184066 _d184066 |
||